Z. Rengel (ed.): Nutrient use in crop production

Bibliographic Details
Other Authors: Grejtovský, Anton, 1945- (Reviewer)
Format: Article
Language:Slovak
English
ISSN:1210-0420
Subjects:

MARC

LEADER 00000nab a2200000 a 4500
001 vtls000868998
003 SK-MaSNL
005 20260304142944.0
008 250505c2003 xo 0 slo
015 |a SNBRB2004/04-11426 
035 |a CLN000220550 
035 |a urn:nbn:sk:snk-abs38 
035 |a (urnnbn)urn:nbn:sk:snk:ar-a06ot2 
035 |a (uuid)5ef8ce10-b69d-4134-bf9f-643ba7cd8d1d 
040 |a SNKBUCL  |b slo  |c SNKBUCL  |e AACR2 
041 0 |a eng 
044 |a xo  |c SK 
080 |a 631.81(048)  |2 1997 
100 1 |a Grejtovský, Anton,  |d 1945-  |4 rev  |9 39699 
245 1 0 |a Z. Rengel (ed.): Nutrient use in crop production  |c A. Grejtovský 
650 0 7 |a rastliny  |x výživa  |x výroba rastlinná  |x publikácie  |x recenzie  |2 snkbucl  |9 1463118 
650 0 7 |a rastlinná výroba  |2 snkbucl  |9 2835 
650 0 7 |a výživa rastlín  |2 snkbucl  |9 19926 
655 7 |a články z novín a časopisov  |2 snkbucl  |9 267496 
773 0 |t Thaiszia. Journal of botany  |g Roč. 13, č. 1 (2003), s. 105-106  |x 1210-0420 
787 0 8 |i Rec.:  |a Rengel, Z.  |t Nutrient use in crop production  |d New York : Food Product Press, 1998  |z 1560220619 
850 |a Slovenská národná knižnica 
852 |a Slovenská národná knižnica 
958 |a article27 
958 |a RC 
958 |a OND 
958 |a EUIPO 
992 |a RBX 
999 |c 2923895  |d 2925825